Library Logo

Pioneer International University Library Catalogue

THE BERMUDA TRIANGLE (Record no. 9847)

MARC details
000 -LEADER
fixed length control field 00350nam a22001337a 4500
003 - CONTROL NUMBER IDENTIFIER
control field OSt
005 - DATE AND TIME OF LATEST TRANSACTION
control field 20251121110408.0
008 - FIXED-LENGTH DATA ELEMENTS--GENERAL INFORMATION
fixed length control field 251121b |||||||| |||| 00| 0 eng d
040 ## - CATALOGING SOURCE
Transcribing agency DOUBLE & COMPANY
050 ## - LIBRARY OF CONGRESS CALL NUMBER
Classification number G 525 .B49 1974
245 ## - TITLE STATEMENT
Title THE BERMUDA TRIANGLE
Statement of responsibility, etc. BERLITZ, CHARLES
260 ## - PUBLICATION, DISTRIBUTION, ETC.
Place of publication, distribution, etc. NEW YORK
Name of publisher, distributor, etc. DOUBLEDAY & COMPANY
Date of publication, distribution, etc. 1974
942 ## - ADDED ENTRY ELEMENTS (KOHA)
Source of classification or shelving scheme Dewey Decimal Classification
Koha item type Books
Suppress in OPAC No
Holdings
Withdrawn status Lost status Source of classification or shelving scheme Damaged status Not for loan Home library Current library Date acquired Total checkouts Barcode Date last seen Price effective from Koha item type
    Library of Congress Classification     PIU Library PIU Library 11/21/2025   PIUDL840 11/21/2025 11/21/2025 Books